Responses for Show #6687 - Tuesday, October 15, 2013

Contestants

[<< previous game]

Stuart Anderson, a JAG originally from New Orleans, Louisiana

Emily Horne, a State Department press advisor from Washington, D.C.

Chris Gaiman, a post-production coordinator originally from Slatington, Pennsylvania (whose 1-day cash winnings total $14,401)

[next game >>]

Jeopardy! Round responses

TRAVEL BOOKS
CELEBRITIES' KIDS' NAMES
THE CHURCH OF JESUS CHRIST OF LATTER-DAY SAINTS
HIT PARADES
HATS ALL, FOLKS
"PUN" INTENDED
    $200 1
railroad

Stuart
    $200 3
Kate Hudson

Emily
    $200 11
missionaries

Chris
    $200 18
Stetson

Stuart
    $200 16
acupuncture

Stuart
    $400 2
(Stuart: Who is Francis Drake?)

(Captain) Cook

EmilyStuart
    $400 4
Brad Pitt and Angelina Jolie

Emily
    $400 12
(Alex: We'll accept that - it's the Mormon Tabernacle, not the Choir.)
(Stuart: Thank you.)

Mormon Tabernacle Choir

Stuart
    $2,000 29
(Emily: What is the New Year's Day Parade?)
(Alex: Be more specific.)
(Emily: What is the, uh, New York New Year's Day Parade?)
[end-of-round signal sounds]

the Rose Parade

Emily
    $400 19
a top hat

Emily
    $400 17
homespun

Triple Stumper
    $600 8
Reservations

Emily
    $600 5
Aleph

Emily
    $600 13
the Apostles

Emily
    $600 26
Macy's

Chris
    $600 20
(Emily: What is a cloche?)
...
(Alex: a raspberry [*].)

a beret

ChrisEmily
    $600 23
pungent

Emily
    $800 9
safari

Chris
    $800 6
Apple

Emily
    $800 14
Joseph Smith

Chris
    $800 27
Chicago

Stuart
    $800 21
Greta Garbo

Chris
    $800 24
Rapunzel

Chris
    $1000 10
(Emily: Start of World War I.)

assassination of Archduke Franz Ferdinand

EmilyStuart
    $1000 7
Ireland

Chris
    $1000 15
Deseret

Stuart
    $1000 28
Brooklyn

Emily
    $1000 22
(Stuart: Who were the Pilgrims?)

the Puritans

Stuart
Triple Stumper
    $1000 25
contrapuntal

Stuart

Scores at the first commercial break (after clue 15):

Chris Emily Stuart
$2,800 $2,600 $2,200

Scores at the end of the Jeopardy! Round:

Chris Emily Stuart
$5,600 $2,000 $3,400

Double Jeopardy! Round responses

SIR WALTER RALEIGH
SUPERFOODS
LIBRARIES
SINGERS ON THE SOUNDTRACK
OCEANIA
(Each correct response...)
STARTS WITH A QUESTION WORD
    $400 6
(Emily: What is tuna?)

salmon

ChrisEmily
    $400 11
FDR

Stuart
    $400 1
Jay-Z

Emily
    $400 16
New Zealand

Stuart
    $400 21
a whoopie cushion

Emily
    $800 7
cauliflower

Chris
    $1,800 12
Alexandria

Stuart
    $800 2
(Jon) Bon Jovi

Chris
    $800 17
Tuvalu

Emily
    $800 22
a Howitzer

Chris
    $1200 8
yogurt

Emily
    $1200 13
(Emily: Who is Brahe?)

Niels Bohr

EmilyStuart
    $1200 3
Doris Day

Chris
    $1200 18
Papua New Guinea

Emily
    $1200 23
Whynot

Triple Stumper
    $1600 9
(Emily: What are sunflowers?)

flax seeds

Emily
Triple Stumper
    $1600 14
(Emily: What is the Shakespeare Library?)
(Alex: Be more specific.)
(Emily: What is [*]?)

the Folger Shakespeare Library

Emily
    $1600 4
(Chris: Who's Isaac Hayes?)

Curtis Mayfield

Chris
Triple Stumper
    $1600 19
Tonga

Triple Stumper
    $1600 24
Whatchamacallit

Stuart
    $400 26
[The end-of-round signal sounds.]

Roanoke

Stuart
    $2000 10
goji berries

Emily
    $2000 15
Sarasota

Triple Stumper
    $2000 5
Amy Adams

Emily
    $2000 20
(Stuart: What is Easter Island?)

Tahiti

Stuart
Triple Stumper
    $2000 25
wherewithal

Stuart

Scores at the end of the Double Jeopardy! Round:

Chris Emily Stuart
$8,000 $8,400 $9,200

[wagering suggestions for these scores]

Final Jeopardy! Round responses

NOVELS
ChrisWhat is Grapes of Wrath?
$1,201
EmilyWhat is The Grapes of Wrath?
$4,600
StuartWhat is East of Eden?
$7,601
East of Eden

Final scores:

Chris Emily Stuart
$6,799 $3,800 $16,801
2nd place: $2,000 3rd place: $1,000 New champion: $16,801

Game dynamics:

Coryat scores:

Chris Emily Stuart
$8,000 $10,400 $9,800
13 R,
1 W
18 R,
6 W
(including 1 DD)
15 R
(including 2 DDs),
3 W

Combined Coryat: $28,200

[game clues] [game scores] [suggest correction]

Game tape date: 2013-09-10
The J! Archive is created by fans, for fans. Scraping, republication, monetization, and malicious use prohibited; this site may use cookies and collect identifying information. See terms. The Jeopardy! game show and all elements thereof, including but not limited to copyright and trademark thereto, are the property of Jeopardy Productions, Inc. and are protected under law. This website is not affiliated with, sponsored by, or operated by Jeopardy Productions, Inc. Join the discussion at JBoard.tv.